000 00723cam a22002653a 4500
001 24521
003 PGUSA
005 20140828083526.0
008 080205s2008||||xxu|||||s|||||000 1 eng d
040 _aPGUSA
_beng
042 _adc
050 4 _aPS
100 1 _aGarrett, Randall,
_d1927-1987
245 1 0 _aIn Case of Fire
_h[electronic resource] /
_cRandall Garrett
260 _bProject Gutenberg,
_c2008
506 _aPublic domain in the USA.
516 _aElectronic text
653 _aScience fiction, American
653 _aPsychological fiction
653 _aShort stories
700 1 _aMartinez
830 0 _aProject Gutenberg
_v24521
856 4 0 _uhttp://www.gutenberg.org/ebooks/24521
942 _cEB
999 _c253776
_d253776